<?xml version="1.0" encoding="UTF-8"?><?xml-stylesheet type="text/xsl" href="static/style.xsl"?><OAI-PMH xmlns="http://www.openarchives.org/OAI/2.0/" xmlns:xsi="http://www.w3.org/2001/XMLSchema-instance" xsi:schemaLocation="http://www.openarchives.org/OAI/2.0/ http://www.openarchives.org/OAI/2.0/OAI-PMH.xsd"><responseDate>2026-04-13T04:16:58Z</responseDate><request verb="GetRecord" identifier="oai:www.recercat.cat:11351/5862" metadataPrefix="marc">https://recercat.cat/oai/request</request><GetRecord><record><header><identifier>oai:recercat.cat:11351/5862</identifier><datestamp>2025-10-24T10:58:35Z</datestamp><setSpec>com_2072_378068</setSpec><setSpec>com_2072_378040</setSpec><setSpec>col_2072_378090</setSpec></header><metadata><record xmlns="http://www.loc.gov/MARC21/slim" xmlns:dcterms="http://purl.org/dc/terms/" xmlns:xsi="http://www.w3.org/2001/XMLSchema-instance" xmlns:doc="http://www.lyncode.com/xoai" xsi:schemaLocation="http://www.loc.gov/MARC21/slim http://www.loc.gov/standards/marcxml/schema/MARC21slim.xsd">
   <leader>00925njm 22002777a 4500</leader>
   <datafield ind2=" " ind1=" " tag="042">
      <subfield code="a">dc</subfield>
   </datafield>
   <datafield ind2=" " ind1=" " tag="720">
      <subfield code="a">Zamora-Sánchez, Juan-José</subfield>
      <subfield code="e">author</subfield>
   </datafield>
   <datafield ind2=" " ind1=" " tag="720">
      <subfield code="a">Zabaleta-del-Olmo, Edurne</subfield>
      <subfield code="e">author</subfield>
   </datafield>
   <datafield ind2=" " ind1=" " tag="720">
      <subfield code="a">Gea-Caballero, Vicente</subfield>
      <subfield code="e">author</subfield>
   </datafield>
   <datafield ind2=" " ind1=" " tag="720">
      <subfield code="a">Julián-Rochina, Iván</subfield>
      <subfield code="e">author</subfield>
   </datafield>
   <datafield ind2=" " ind1=" " tag="720">
      <subfield code="a">Pérez-Tortajada, Gemma</subfield>
      <subfield code="e">author</subfield>
   </datafield>
   <datafield ind2=" " ind1=" " tag="720">
      <subfield code="a">Jordi, Amblàs-Novellas</subfield>
      <subfield code="e">author</subfield>
   </datafield>
   <datafield ind2=" " ind1=" " tag="260">
      <subfield code="c">2021-04-16T07:07:41Z</subfield>
   </datafield>
   <datafield ind2=" " ind1=" " tag="260">
      <subfield code="c">2021-04-16T07:07:41Z</subfield>
   </datafield>
   <datafield ind2=" " ind1=" " tag="260">
      <subfield code="c">2021-04-13</subfield>
   </datafield>
   <datafield ind2=" " ind1=" " tag="520">
      <subfield code="a">Fragilitat; Estat de salut; Atenció primària; Psicometria; Estudis de validació</subfield>
   </datafield>
   <datafield ind2=" " ind1=" " tag="520">
      <subfield code="a">Fragilidad; Estado de salud; Atención primaria; Psicometría; Estudios de validación</subfield>
   </datafield>
   <datafield ind2=" " ind1=" " tag="520">
      <subfield code="a">Frailty; Health status; Primary health care; Psychometrics; Validation studies</subfield>
   </datafield>
   <datafield ind2=" " ind1=" " tag="520">
      <subfield code="a">Background&#xd;
The Frail-VIG frailty index has been developed recently. It is an instrument with a multidimensional approach and a pragmatic purpose that allows rapid and efficient assessment of the degree of frailty in the context of clinical practice. Our aim was to investigate the convergent and discriminative validity of the Frail-VIG frailty index with regard to EQ-5D-3L value.&#xd;
&#xd;
Methods&#xd;
We carried out a cross-sectional study in two Primary Health Care (PHC) centres of the Catalan Institute of Health (Institut Català de la Salut), Barcelona (Spain) from February 2017 to January 2019. Participants in the study were all people included under a home care programme during the study period. No exclusion criteria were applied. We used the EQ-5D-3L to measure Health-Related Quality of Life (HRQoL) and the Frail-VIG index to measure frailty. Trained PHC nurses administered both instruments during face-to-face assessments in a participant’s home during usual care. The relationships between both instruments were examined using Pearson’s correlation coefficient and multiple linear regression analyses.&#xd;
&#xd;
Results&#xd;
Four hundred and twelve participants were included in this study. Frail-VIG score and EQ-5D-3L value were negatively correlated (r = − 0.510; P &lt; 0.001). Non-frail people reported a substantially better HRQoL than people with moderate and severe frailty. EQ-5D-3L value declined significantly as the Frail-VIG index score increased.&#xd;
&#xd;
Conclusions&#xd;
Frail-VIG index demonstrated a convergent validity with the EQ-5D-3L value. Its discriminative validity was optimal, as their scores showed an excellent capacity to differentiate between people with better and worse HRQoL. These findings provide additional pieces of evidence for construct validity of the Frail-VIG index.</subfield>
   </datafield>
   <datafield ind1="8" ind2=" " tag="024">
      <subfield code="a">http://hdl.handle.net/11351/5862</subfield>
   </datafield>
   <datafield tag="653" ind2=" " ind1=" ">
      <subfield code="a">Psicometria</subfield>
   </datafield>
   <datafield tag="653" ind2=" " ind1=" ">
      <subfield code="a">Atenció primària</subfield>
   </datafield>
   <datafield tag="653" ind2=" " ind1=" ">
      <subfield code="a">Fractures - Avaluació</subfield>
   </datafield>
   <datafield tag="653" ind2=" " ind1=" ">
      <subfield code="a">PSYCHIATRY AND PSYCHOLOGY::Behavioral Disciplines and Activities::Psychological Tests::Psychometrics</subfield>
   </datafield>
   <datafield tag="653" ind2=" " ind1=" ">
      <subfield code="a">PUBLIC HEALTH::Health Care (Public Health)::Health Care Levels::Health Care (Public Health)::Primary Health Care</subfield>
   </datafield>
   <datafield tag="653" ind2=" " ind1=" ">
      <subfield code="a">DISEASES::Pathological Conditions, Signs and Symptoms::Pathologic Processes::Frailty</subfield>
   </datafield>
   <datafield tag="653" ind2=" " ind1=" ">
      <subfield code="a">PSIQUIATRÍA Y PSICOLOGÍA::disciplinas y actividades conductuales::pruebas psicológicas::psicometría</subfield>
   </datafield>
   <datafield tag="653" ind2=" " ind1=" ">
      <subfield code="a">SALUD PÚBLICA::atención a la salud (salud pública)::niveles de atención a la salud::atención a la salud (salud pública)::atención primaria de la salud</subfield>
   </datafield>
   <datafield tag="653" ind2=" " ind1=" ">
      <subfield code="a">ENFERMEDADES::afecciones patológicas, signos y síntomas::procesos patológicos::fragilidad</subfield>
   </datafield>
   <datafield ind2="0" ind1="0" tag="245">
      <subfield code="a">Convergent and discriminative validity of the Frail-VIG index with the EQ-5D-3L in people cared for in primary health care</subfield>
   </datafield>
</record></metadata></record></GetRecord></OAI-PMH>